| 000 | 00673nam a2200157Ia 4500 | ||
|---|---|---|---|
| 999 |
_c19455 _d19455 |
||
| 082 | _aRK 0237 | ||
| 100 | _aKumudha, A. | ||
| 245 | 0 |
_aRole of NGOs for socio-economic development of rural areas through information and communication technology: _ban empirical study in Coimbatore District |
|
| 260 |
_c2014 _bIndian Council of Social Science Research, New Delhi |
||
| 300 | _a218p | ||
| 650 |
_aNGO _zCoimbatore _zTamil Nadu _zIndia |
||
| 650 |
_aSocio-economic development _zCoimbatore _zTamil Nadu _zIndia |
||
| 650 |
_aRural development _zCoimbatore _zTamil Nadu _zIndia |
||
| 650 |
_aInformation and communication technology _zCoimbatore _zTamil Nadu _zIndia |
||
| 942 |
_cRP _2ddc |
||